|
|
|
|
| LEADER |
00000nas a2200000 a 4500 |
| 001 |
ssj0000600586 |
| 003 |
WaSeSS |
| 005 |
20200512172242.0 |
| 006 |
m d |
| 007 |
cr n |
| 008 |
100519c20109999nz x p s 0 0eng c |
| 010 |
|
|
|a 2012247803
|
| 016 |
7 |
|
|a 2587467-6
|2 DE-600
|
| 016 |
7 |
|
|a 101632521
|2 DNLM
|
| 022 |
|
|
|a 1179-2728
|l 1179-2728
|
| 035 |
|
|
|a (WaSeSS)ssj0000600586
|
| 040 |
|
|
|a FQM
|b eng
|c FQM
|d HEBIS
|d OCLCQ
|d NZ1
|d NTE
|d PFM
|d CUS
|d OCLCF
|d EUW
|d NLM
|d OCLCQ
|d NLM
|d OCLCO
|d OCLCQ
|d WT2
|d OCLCO
|d OCLCQ
|d OCLCA
|d OCLCQ
|d AU@
|d OCLCA
|d OCLCQ
|d CNMTR
|d OCLCQ
|d WaSeSS
|
| 042 |
|
|
|a pcc
|
| 050 |
|
4 |
|a RC280.L8
|
| 060 |
0 |
0 |
|a W1
|
| 082 |
0 |
4 |
|a 616.9942405
|2 22
|
| 130 |
0 |
|
|a Lung Cancer (Auckland, N.Z.)
|
| 210 |
1 |
0 |
|a Lung Cancer (Auckl)
|2 dnlm
|
| 245 |
1 |
0 |
|a Lung cancer
|h [electronic resource] :
|b targets and therapy.
|
| 260 |
|
|
|a [Auckland, NZ] :
|b Dove Medical Press,
|c [2012]-
|
| 310 |
|
|
|a Irregular
|
| 362 |
1 |
|
|a Began with vol. 1 (2010).
|
| 506 |
|
|
|a License restrictions may limit access.
|
| 515 |
|
|
|a Articles added irregularly during the year and collected into annual vols.
|
| 588 |
0 |
|
|a Vol. 1 (2010); title from journal home page (Publisher's Web site, viewed May 17, 2010).
|
| 588 |
1 |
|
|a 2015:6 (viewed Dec. 30, 2015).
|
| 650 |
|
0 |
|a Lungs
|x Cancer
|v Periodicals.
|
| 650 |
1 |
2 |
|a Lung Neoplasms.
|
| 650 |
|
7 |
|a Lungs
|x Cancer.
|2 fast
|0 (OCoLC)fst01003756
|
| 655 |
|
0 |
|a Electronic journals.
|
| 856 |
4 |
0 |
|z Full text available from Research Library: 01/01/2010 to present
|u https://search.proquest.com/publication/3933397
|